000
00228nam a2200097Ia 4500
008
170627s9999 xx 000 0 und d
100
_a
ASWATHAPPA - K
245
0
_a
PRODUCTION AND OPERATIONS MANAGEMENT
260
_b
HPH
260
_c
2007
546
_a
ENGLISH
999
_c
35676
_d
35676